000 00342nam a2200145Ia 4500
100 _aAcharya/B.K/ Govekar/P.S
942 _cBK
654 _aBusiness Organisation
245 _aPrinciples Of Business Organisation
260 _bA.R .Seth & Co
_aBombay
_c1970
082 _a658
_bAch/Gov
300 _a590
546 _aENGLISH
999 _c28733
_d28733